000 00295nam a2200121Ia 4500
008 240731s9999 xx 000 0 und d
022 _a1747-583X
245 0 _aWomen's History Review
260 _bRoutledge
856 _uhttps://www.tandfonline.com/loi/rwhr20
942 _2ddc
942 _cTFEJ
999 _c80297
_d80297
945 _a1
_bMadushi Gamage
_c1
_dMadushi Gamage